00747 2200253 4500001002100000005001500021035002000036007000300056008004100059020001600100082000800116084001400124100001900138245014400157260004400301300003800345500001400383500001100397650002100408700001600429504002600445990001100471990001100482INLIS00000000000624520210209023506 a0010-0221000009ta210209 g 0 ind  a979517142-9 a372 a372 UMI m0 aUMI, Istiqomah1 aMerawat dan Mendidik Anak :bSejak pemilihan jodoh, janin dalam kandungan, hingga anak berusia 7 tahun /cUmi Istiqomah; editor, Tim Editor aSurakarta :bWidya Duta Grafika,c[s.a] aviii, 138 hal. :bilus. ;c25 cm. aGlosarium aIndeks 4aPENDIDIKAN DASAR0 aTIM, Editor aBibliografi : hal.133 a7743 a a7743 b